Chiến lược kinh doanh & kế hoạch hóa nội bộ doanh nghiệp

محفوظ في:
التفاصيل البيبلوغرافية
المؤلف الرئيسي: Phan, Thị Ngọc Thuận
التنسيق: كتاب
اللغة:Undetermined
منشور في: Hà Nội Khoa học Kỹ thuật 2005
الموضوعات:
الوسوم: إضافة وسم
لا توجد وسوم, كن أول من يضع وسما على هذه التسجيلة!
Thư viện lưu trữ: Trung tâm Học liệu Trường Đại học Cần Thơ
LEADER 00618nam a2200193Ia 4500
001 CTU_93550
008 210402s9999 xx 000 0 und d
020 |c 15000 
082 |a 658.401 
082 |b Th502 
100 |a Phan, Thị Ngọc Thuận 
245 0 |a Chiến lược kinh doanh & kế hoạch hóa nội bộ doanh nghiệp 
245 0 |c Phan Thị Ngọc Thuận 
260 |a Hà Nội 
260 |b Khoa học Kỹ thuật 
260 |c 2005 
650 |a Industrial management,Strategic planning 
904 |i Mai Loan 
980 |a Trung tâm Học liệu Trường Đại học Cần Thơ